| 000 | 00934 a2200217 4500 | ||
|---|---|---|---|
| 999 |
_c4527 _d4527 |
||
| 020 | _a9781861560933 | ||
| 050 | 0 | 0 | _aLC 3986.G7 PEE 1999 |
| 100 | 1 |
_aPeeters, Theo. _eAuthor |
|
| 245 | 1 | 0 |
_aAutism : _bmedical and educational aspects / _cT. Peeters, C. Gillberg. |
| 250 | _a2nd ed. | ||
| 264 |
_aLondon: _bWhurr Publishers, _c1999 |
||
| 300 |
_a126 p. : _bill. ; |
||
| 500 | _aIncludes bibliographical references (p. 117-119) and index. | ||
| 504 | _aIncludes bibliographical references (p. 117-119) and index. | ||
| 650 |
_aAutistic children--Education _xAutism |
||
| 700 | 1 |
_aGillberg, Christopher, _d1950- _eAuthor |
|
| 856 | 4 | 2 |
_3Publisher description _uhttp://www.loc.gov/catdir/enhancements/fy0664/00500860-d.html |
| 856 | 4 | 1 |
_3Table of contents only _uhttp://www.loc.gov/catdir/enhancements/fy0664/00500860-t.html |
| 942 |
_2lcc _cBK _e2nd ed. _h3986 _iPEE _kLC |
||